| 000 | 00909nam a2200265Ia 4500 | ||
|---|---|---|---|
| 003 | OSt | ||
| 005 | 20221005103256.0 | ||
| 006 | a|||||r|||| 00| 0 | ||
| 007 | ta | ||
| 008 | 221004b |||||||| |||| 00| 0 hin d | ||
| 020 |
_a9789382009313 (hbk) _c249 |
||
| 024 | _a8176 | ||
| 037 |
_b218, 28/11/2013, Eastern Book Linkers _cTextual |
||
| 040 |
_aCRL _cCRL _bhin |
||
| 041 |
_2hin _ahin |
||
| 082 | _aO152,3N56x, Q3 | ||
| 100 | _aजयनंदन | ||
| 245 | 0 | _aमेरी प्रिय कथाएं | |
| 246 | _aMerī priya kathāean | ||
| 260 |
_aगाजियाबाद _bज्योति पर्व प्रकाशन भारत _c2013 |
||
| 300 |
_a120पृ0 _ccm. |
||
| 650 | _aहिन्दी साहित्य | ||
| 942 |
_hO152,3N56x, Q3 _cTEXL _2cc |
||
| 999 |
_c1009767 _d1009767 |
||